00692nam a2200193Ia 450000500170000000800410001702000300005804000190008804100120010708200130011910000170013224501540014926000410030330000120034450400570035665000310041365100440044485000100048820230621100123.0131103s9999 xx 000 0 und d a07100 8203 7cGBP2.40 net aLoreto College aEnglish a301bSCO aScotson,John aIntroducing sociologyb a basic introduction to sociology with chapter guides to further reading and examples of examination questions cJohn Scotson aLondonbRoutledge & Kegan Paulc1975 a198 p.  aIncludes bibliographical references, glossary, index aSociology and authropology aPhilosophy and theory of social science aLCLIB